Sports Quiz

Random Sports or Basketball Quiz

NBA Match-Up Puzzle Quiz Stats

 Plays Quiz not verified by Sporcle

Score 0/14 Timer 08:00
2 Plays Today
% Correct
LeBron James
91.7%
Michael Jordan
86.9%
Dwyane Wade
86.8%
Chris Paul
85%
Wilt Chamberlain
84.6%
Kobe Bryant
84.2%
Dwight Howard
82.1%
% Correct
Brook Lopez
81.7%
Larry Bird
81.5%
Michael Beasley
74.5%
Blake Griffin
73.3%
Kevin Willis
60.7%
Jeremy Lin
52.9%
Robert Parish
37.1%

You're not logged in!

Compare scores with friends on all Sporcle quizzes.
OR
Log In

Sporcle TV

Today on Sporcle TV


Watch our educational content, quiz creation guides, and fun videos on Sporcle TV.

Show Comments

Extras

Top Quizzes Today


Score Distribution

Your Account Isn't Verified!

In order to create a playlist on Sporcle, you need to verify the email address you used during registration. Go to your Sporcle Settings to finish the process.

Report this User

Report this user for behavior that violates our Community Guidelines.

Details: